Das Kind in dem ich stak
| Titel: | Das Kind in dem ich stak : Gedichte und Geschichten über die Kindheit / hrsg. von Irma Hildebrandt ... |
|---|---|
| Beteiligt: | |
| Ausgabe: | Orig.-Ausg. |
| Veröffentlicht: | Frankfurt am Main : Fischer-Taschenbuch-Verl., 1991 |
| Umfang: | 214 S. |
| Format: | Buch |
| Sprache: | Deutsch |
| Schriftenreihe/ mehrbändiges Werk: |
[Fischer-Taschenbücher] ; 10429 : Die Frau in der Gesellschaft |
| RVK-Notation: | |
| ISBN: | 3596104297 |
| Lokale Klassifikation: | 3 10 F |
|---|
alg: 1839461 001A $00030:27-11-91 001B $01999:28-04-23 $t19:42:35.000 001C $03004:25-08-08 $t16:46:35.000 001D $09999:99-99-99 001U $0utf8 001X $00 002@ $0Aauc 002C $aText $btxt $2rdacontent 002D $aohne Hilfsmittel zu benutzen $bn $2rdamedia 002E $aBand $bnc $2rdacarrier 003@ $0018394612 003O $0263178710 $aOCoLC 004A $03-596-10429-7 007A $0018394612 $aHEB 007E $02660 007I $0jubufo:000014858 010@ $ager 011@ $a1991 $n1991 013H $0z 015@ $00 021A $aDas @Kind in dem ich stak $dGedichte und Geschichten über die Kindheit $hhrsg. von Irma Hildebrandt ... 028C $BHrsg. $#Hildebrandt, Irma $#Bucher, Irma $7121760170 $8Hildebrandt, Irma$Z1935-2022 [Tp1] $9153070587 032@ $aOrig.-Ausg. 033A $pFrankfurt am Main $nFischer-Taschenbuch-Verl. 034D $a214 S. 036E $a[Fischer-Taschenbücher] $l10429 : Die Frau in der Gesellschaft 036F $x510429 $8Fischer $9005229251 $l10429 : Die Frau in der Gesellschaft 044K $RLebensalter $#Children $#Enfants $#Bambini $#children $#Child $#Kinder $#Kind $#Kindheit $#Kindheit $#Kindesalter $#Kindschaft $#Kinder $74030550-8 $8Kind [Tsz] $908508090X 045F $a800 $eDDC23BSB 045F/01 $a800 045F/03 $g43 045V $818.05.00$jAnthologien [Tkx] $9118846078 045Z $8ED 3010 [Tkv] $940773788X lok: 1839461 3 101B $006-08-21 $t20:14:40.000 101U $0utf8 145S/06 $a720 145Z/01 $a100 M 0034 a 145Z/02 $alit Z 0090 Kind 145Z/90 $aPrimärliteratur exp: 1839461 3 1 #EPN 201B/01 $016-06-04 $t11:32:36.000 203@/01 $0026076314 208@/01 $a20-12-91 $bhAa 209A/01 $a84.621.88 $di $f000 $h84 621 88 $x00 209G/01 $a84621889 $x00 247C/01 $8601000-3 <30>Frankfurt, Universitätsbibliothek J. C. Senckenberg, Zentralbibliothek (ZB) $9102598258 247D/01 $aNur für den Lesesaal 201U/01 $0utf8 exp: 1839461 3 2 #EPN 201B/02 $027-03-13 $t00:19:27.000 201C/02 $015-03-00 201U/02 $0utf8 203@/02 $0141708689 208@/02 $a15-03-00 $brCe 209A/02 $aErzWiss: LIT Ki+Ju 723 $du $f006 $hLIT Ki+Ju 723 $x00 209C/02 $a93/522 $h93 522 209G/02 $a2000398187 $x00 247C/02 $8601006-4 <30/6>Frankfurt, Universitätsbibliothek J. C. Senckenberg, Bibliothek Sozialwissenschaften und Psychologie (BSP) $9313751838 exp: 1839461 3 3 #EPN 201B/03 $006-08-21 $t20:14:40.000 201C/03 $006-08-21 201U/03 $0utf8 203@/03 $01163683256 208@/03 $a02-04-12 $brJb 209A/03 $aK 4/91/1091 $du $f152 $hK 4 91 1091 $x00 209C/03 $a91/1949 244Z/03 $8--Trx--Kind $x01 $9482238976 244Z/03 $8--Trx--Schriftstellerin $x02 $9482247096 244Z/03 $8--Trx--Erwachsenenbuch $x03 $9482243708 244Z/03 $8--Trx--Frauenliteratur $x04 $9482242817 244Z/03 $8--Trx--Anthologie $x05 $9482244127 244Z/03 $8--Trx--Geschichten $x06 $9482246928 244Z/03 $8--Trx--Lyrik $x07 $948221547X 247C/03 $8601152-4 <30/152>Frankfurt, Universitätsbibliothek J. C. Senckenberg, BzG, Bibliothek für Jugendbuchforschung $9102598827 lok: 1839461 8 101B $003-08-95 $t00:56:15.989 107F $0062893467 145Z/01 $alit a 197 Kindheit 145Z/02 $asoz a 179 101U $0utf8 exp: 1839461 8 1 #EPN 201B/01 $027-01-02 $t16:42:02.766 203@/01 $0062893475 208@/01 $a07-06-93 $bh 209A/01 $a92/1277 $du $f000 $x00 209G/01 $a11241565 $x00 247C/01 $8611000-9 <17>Darmstadt, TU Darmstadt, Universitäts- und Landesbibliothek - Stadtmitte $9102595879 201U/01 $0utf8 lok: 1839461 21 101B $008-05-13 $t12:42:50.000 101U $0utf8 144Z/51 $aKindheit exp: 1839461 21 1 #EPN 201B/01 $030-08-13 $t17:43:43.000 201U/01 $0utf8 203@/01 $0008220484 208@/01 $a26-04-95 $bh 209A/01 $a21 / ED 3010 H642 $du $f000 $hED 3010 H642 $x00 209A/01 $a21 / Lit 79.10 Kin $du $f000 $hLIT 79.10 KIN $x07 209B/01 $a00021 $x05 209C/01 $a4535/92 $h4535 92 209G/01 $a10542391 $x00 209G/01 $a1. OG $x01 247C/01 $8641000-5 <66/0>Fulda, Hochschul- und Landesbibliothek Fulda, Standort Campus $9102599580 lok: 1839461 24 101B $025-08-08 $t16:46:35.000 101U $0utf8 145Z/01 $a3 10 F exp: 1839461 24 1 #EPN 201B/01 $025-08-08 $t16:46:35.000 201U/01 $0utf8 203@/01 $0086557513 208@/01 $a01-12-94 $bh 209A/01 $a94.2680 $du $f050 $h94 2680 $x00 209C/01 $a94.2680 K $h94 2680 K 209G/01 $a72236602 $x00 247C/01 $8358050-7Marburg, Bibliothek des Herder-Instituts Marburg $9102600961 lok: 1839461 62 101B $001-09-05 $t13:07:23.000 144Z/01 $aKindheit (Anthologie) 101U $0utf8 exp: 1839461 62 1 #EPN 201B/01 $001-09-05 $t13:07:23.000 203@/01 $0291114032 208@/01 $a09-08-05 $be 209A/01 $a/ $f000 $x00 209B/01 $a1991 $x05 247C/01 $8Frankfurt, Bibliographie der Deutschen Sprach- und Literaturwissenschaft $9113214561 201U/01 $0utf8
| LEADER | 00000cam a2200000 c 4500 | ||
|---|---|---|---|
| 001 | 018394612 | ||
| 003 | DE-603 | ||
| 005 | 20230428194235.0 | ||
| 007 | tu | ||
| 008 | 911127s1991 xx |||| | u00||u|ger c | ||
| 020 | |a 3596104297 | ||
| 035 | |a (DE-599)HEB018394612 | ||
| 035 | |a (OCoLC)263178710 | ||
| 040 | |a DE-603 |b ger |c DE-603 |d DE-603 | ||
| 041 | |a ger | ||
| 082 | 0 | 4 | |8 1\u |a 800 |q DE-101 |2 23/BSB |
| 084 | |a ED 3010 |0 (DE-625)20959: |0 (DE-603)40773788X |2 rvk | ||
| 085 | |8 1\u |b 800 | ||
| 085 | |8 1\u |z 2 |s 43 | ||
| 245 | 0 | 0 | |a Das Kind in dem ich stak |b Gedichte und Geschichten über die Kindheit |c hrsg. von Irma Hildebrandt ... |
| 250 | |a Orig.-Ausg. | ||
| 264 | 1 | |a Frankfurt am Main |b Fischer-Taschenbuch-Verl. |c 1991 | |
| 300 | |a 214 S. | ||
| 336 | |a Text |b txt |2 rdacontent | ||
| 337 | |a ohne Hilfsmittel zu benutzen |b n |2 rdamedia | ||
| 338 | |a Band |b nc |2 rdacarrier | ||
| 490 | 1 | |a [Fischer-Taschenbücher] |v 10429 : Die Frau in der Gesellschaft | |
| 650 | 7 | |a Kind |0 (DE-588)4030550-8 |0 (DE-603)08508090X |2 gnd | |
| 700 | 1 | |a Hildebrandt, Irma |d 1935-2022 |e Hrsg. |4 edt |0 (DE-603)153070587 |0 (DE-588)121760170 |2 gnd | |
| 830 | 0 | |t Fischer |v 10429 : Die Frau in der Gesellschaft |w (DE-603)005229251 |w (DE-600)26776-4 |9 510429 |7 as | |
| 924 | 0 | |9 30 |a (DE-603)026076314 |b DE-30 |c HES |d c |g 84.621.88 | |
| 924 | 0 | |9 30/6 |a (DE-603)141708689 |b DE-30-6 |c HES |d d |g ErzWiss: LIT Ki+Ju 723 | |
| 924 | 0 | |9 30/152 |a (DE-603)1163683256 |b DE-30-152 |c HES |d d |g K 4/91/1091 | |
| 924 | 0 | |9 17 |a (DE-603)062893475 |b DE-17 |c HES |d c |g 92/1277 | |
| 924 | 0 | |9 66/0 |a (DE-603)008220484 |b DE-66-0 |c HES |d c |g 21 / ED 3010 H642 |h 1. OG | |
| 924 | 0 | |9 Mb 50 |a (DE-603)086557513 |b DE-Mb50 |c HES |d c |g 94.2680 | |
| 924 | 0 | |9 603 |a (DE-603)291114032 |b DE-603 |c HES |d d | |


